SPOSOBY NA „GIMNASTYKĘ” DLA UMYSŁU: - Statystyki

Ogólne statystyki
  • Ten quiz został rozwiązany 10 razy
  • Średni wynik to 2 z 5
Statystyki odpowiedzi
Odpowiedź % Poprawnych
KRZYŻÓWKA
75%
ŁAMIGŁÓWKI
38%
SUDOKU
25%
SCRABBLE
13%
SZACHY
13%
Nie znaleziono quizów pasujących do podanych kryteriów
Rozkład punktacji
Procent ludzi z każdym wynikiem
Percentyl według liczby udzielonych odpowiedzi
Twoja historia wyników
Nie rozwiązałeś tego quizu